000 00280nam a2200121Ia 4500
008 220204s9999 xx 000 0 und d
082 _a347
_bMAR
100 _aMARKANDAY KATJU
245 0 _aDomestic enquiry
250 _aEd.2
260 _aBombay
_bNM Tripathi
_c1980
942 _cBK
999 _c36028
_d36028